| 000 | 01350nam0a2200313 4500 | ||
|---|---|---|---|
| 001 | RU\NLR\bibl\26361 | ||
| 005 | 20250615020905.0 | ||
| 035 | _a(NLR Aleph) 000025682 | ||
| 090 |
_a123862 _c123862 |
||
| 100 | _a19990511d1997 |||y0rusy50 ca | ||
| 101 | 0 | _arus | |
| 102 | _aRU | ||
| 105 | _a||||||||||||| | ||
| 200 | 1 |
_aВоенно-профессиональная подготовка: системный подход и адаптация _fВ.Ф. Киричук, Н.Г. Коршевер |
|
| 210 |
_aСаратов _cСарат. мед. ун-т _d1997 |
||
| 215 |
_a302 с. _cил. _d20 |
||
| 606 | 0 |
_aВоенные высшие учебные заведения _xКурсанты _xАдаптация к обучению _91287752 _3RU\NLR\auth\66214275 |
|
| 606 | 0 |
_aВысшие военно-учебные заведения _xКурсанты _xАдаптация к обучению _92085740 _3RU\NLR\auth\661261862 |
|
| 686 | _aЦ4,6(2Р)390-2 | ||
| 700 | 1 |
_aКиричук _bВ. Ф. _gВячеслав Федорович _4070 |
|
| 701 | 1 |
_aКоршевер _bН. Г. _gНатан Григорьевич _4070 |
|
| 801 | 0 |
_aRU _bNLR _c19990511 _gPSBO |
|
| 801 | 1 |
_aRU _bNLR _c19990511 |
|
| 830 | _aАвт. по кн. | ||
| 852 |
_aNLR _j98-3/11072 |
||
| 942 | _cBOOK | ||
| 980 | _aNB | ||